Normal view
MARC view
- Términos y frases
Entry Materia
001 - NÚMERO DE CONTROL DEL REGISTRO
- campo de control: 27643
003 - IDENTIFICADOR DE NUMERO DE CONTROL
- campo de control: UPN
005 - FECHA Y HORA DE LA ÚLTIMA TRANSACCIÓN
- campo de control: 20230418195313.0
008 - DATOS DE LONGITUD FIJA
- campo de control de longitud fija: 230418nn anznnbabn a ana |d
035 ## - NÚMERO DE CONTROL DEL SISTEMA
- Número de control del sistema: UPN10000027652
040 ## - FUENTE DE LA CATALOGACIÓN
- Lengua de catalogación: spa
- Centro catalogador de origen: MX-MxUPN
046 ## - FECHAS CON CODIFICACIÓN ESPECIAL
- Fecha final para contenidos agregados: 2023
150 ## - ENCABEZAMIENTO - TEMÁTICO
- Término de materia o nombre geográfico como elemento inicial: Términos y frases
450 ## - VÉASE - MATERIA
- Encabezamiento temático: Terminología
670 ## - FUENTE EN LA QUE SE LOCALIZARON DATOS
- Cita de la fuente: Escamilla González, G. Lista de encabezamientos de materia, 1978:
- Información localizada: página 804 (Términos y frases)
902 ## - CATALOGADOR
- Catalogador: MMA/011101
- Catalogador: VíctorGodínez/180423
